000 nam a22 a 4500
999 _c326
_d326
005 20170503113235.0
008 170503b1985 xxu||||| |||| 00| 0 eng d
020 _a007035247X
040 _aAKMAL
100 _aKolence, Kenneth W.
_9744
245 _a An introduction to software physics
_bthe meaning of computer measurement /
_cKenneth Kolence.
260 _aNew York
_bMcGraw-Hill
_cc1985.
300 _ccm
490 _aMcGraw-Hill series in software engineering and technology
599 _aDALAM PROSES
852 _aBritish Library
_bDSC
942 _2ddc
_cBOOK